[Event "Budapest FS11 GM"]
[Site "Budapest"]
[Date "2022.11.12"]
[Round "7"]
[White "Seres, Lajos"]
[Black "Adarsh, Tripathi"]
[Result "1/2-1/2"]
[WhiteElo "2371"]
[BlackElo "2361"]
[PlyCount "147"]
[EventDate "2022.11.05"]
[EventType "tourn"]
[EventRounds "9"]
[EventCountry "HUN"]
[EventCategory "6"]
[SourceTitle "CBM 211 Extra"]
[Source "ChessBase"]
[SourceDate "2023.01.31"]
[SourceVersion "1"]
[SourceVersionDate "2023.01.31"]
[SourceQuality "1"]

1. d4 Nf6 2. c4 c5 3. Nf3 cxd4 4. Nxd4 e5 5. Nb5 d5 6. cxd5 Bc5 7. N5c3 0-0 8. g3 Qb6 9. e3 Bg4 10. Be2 Bh3 11. Nd2 Bb4 12. Bf3 Na6 13. e4 Nc5 14. Qc2 Rac8 15. a3 Bxc3 16. bxc3 Qa6 17. Be2 Qa5 18. Nc4 Qc7 19. f3 Ncxe4 20. fxe4 Bg2 21. Rf1 Bxe4 22. Qb2 Nxd5 23. Bd2 Rfd8 24. Ne3 Nb6 25. Qb4 Bg6 26. a4 Qd7 27. Ra2 Rc7 28. Qb5 Qe6 29. Rb2 Nc8 30. Bg4 Qd6 31. Nf5 Qf8 32. Qb4 Qe8 33. Be2 a6 34. g4 Qc6 35. c4 Bxf5 36. gxf5 Nd6 37. a5 Rcd7 38. c5 Ne4 39. Be3 Nf6 40. Rg1 Nd5 41. Qe4 f6 42. Rb6 Qc7 43. Bc4 Kh8 44. Bxd5 Rxd5 45. Ke2 Qf7 46. Qg4 Rd3 47. Rb2 Qd7 48. Qe4 Rd5 49. Rgb1 Qf7 50. h3 R8d7 51. Kf2 h6 52. Rb6 Qe7 53. Re6 Qd8 54. Qg4 Re7 55. Rxe7 Qxe7 56. Qe4 Qf7 57. Rb6 Kh7 58. Qg4 Rd7 59. Rd6 Qa2+ 60. Kg3 Rxd6 61. cxd6 Qa3 62. Qe4 Qxd6 63. Qxb7 Qd3 64. Qf3 Qc3 65. Bb6 Qe1+ 66. Kg4 Qb1 67. h4 Qb5 68. Qe4 Qf1 69. h5 Qd1+ 70. Kh4 Qf1 71. Kg4 Qd1+ 72. Kh4 Qf1 73. Kg4 Qd1+ 74. Kh4 1/2-1/2

[Event "Budapest FS11 GM"]
[Site "Budapest"]
[Date "2022.11.07"]
[Round "3"]
[White "Saydaliev, Saidakbar"]
[Black "Adarsh, Tripathi"]
[Result "1/2-1/2"]
[WhiteElo "2376"]
[BlackElo "2361"]
[PlyCount "81"]
[EventDate "2022.11.05"]
[EventType "tourn"]
[EventRounds "9"]
[EventCountry "HUN"]
[EventCategory "6"]
[SourceTitle "CBM 211 Extra"]
[Source "ChessBase"]
[SourceDate "2023.01.31"]
[SourceVersion "1"]
[SourceVersionDate "2023.01.31"]
[SourceQuality "1"]

1. e4 c5 2. Nf3 d6 3. Bb5+ Bd7 4. c4 Nf6 5. Nc3 g6 6. 0-0 Bg7 7. d4 cxd4 8. Nxd4 0-0 9. h3 Nc6 10. Be3 Rc8 11. Bxc6 bxc6 12. c5 d5 13. e5 Ne4 14. Nxe4 dxe4 15. e6 Be8 16. exf7+ Bxf7 17. Qa4 Qc7 18. Rad1 Bd5 19. Rd2 Rb8 20. b4 e6 21. Rb1 a5 22. a3 axb4 23. axb4 Ra8 24. Qd1 Rfb8 25. h4 Rb7 26. h5 gxh5 27. Qxh5 Qf7 28. Qh4 Qg6 29. Ne2 Qf6 30. Qg3 Qg6 31. Qd6 Bf8 32. Qf4 Bg7 33. Qh4 Qf6 34. Qh3 Rab8 35. Bd4 Qg5 36. Rdb2 Rf8 37. Qg3 Qxg3 38. fxg3 Bh6 39. Nf4 Bxf4 40. gxf4 Rxf4 41. b5 1/2-1/2

[Event "Budapest FS11 GM"]
[Site "Budapest"]
[Date "2022.11.05"]
[Round "1"]
[White "Tyurin, Artem"]
[Black "Adarsh, Tripathi"]
[Result "1/2-1/2"]
[WhiteElo "2349"]
[BlackElo "2361"]
[PlyCount "98"]
[EventDate "2022.11.05"]
[EventType "tourn"]
[EventRounds "9"]
[EventCountry "HUN"]
[EventCategory "6"]
[SourceTitle "CBM 211 Extra"]
[Source "ChessBase"]
[SourceDate "2023.01.31"]
[SourceVersion "1"]
[SourceVersionDate "2023.01.31"]
[SourceQuality "1"]

1. c4 e5 2. g3 Nf6 3. Bg2 h5 4. h4 c6 5. Nf3 Qc7 6. Nc3 Bc5 7. e3 d6 8. Na4 Bg4 9. Nxc5 dxc5 10. Qc2 Nbd7 11. Ng5 Nf8 12. b3 N8h7 13. Bb2 Nxg5 14. hxg5 Nd7 15. f3 Be6 16. f4 Bg4 17. Bh3 Bxh3 18. Rxh3 g6 19. g4 h4 20. Qe4 0-0-0 21. 0-0-0 Rhe8 22. f5 Nf8 23. Rxh4 Qe7 24. f6 Qc7 25. Bc3 Ne6 26. Qxe5 Qxe5 27. Bxe5 Nxg5 28. Bf4 Ne4 29. g5 Rd7 30. Rh2 Red8 31. Kc2 Rd3 32. Be5 b5 33. cxb5 R3d5 34. Bf4 cxb5 35. d3 Nxg5 36. Bxg5 Rxg5 37. Rh7 Rd7 38. e4 Rg3 39. Kc3 Rf3 40. e5 Re3 41. Rh8+ Kc7 42. Re8 Kc6 43. e6 b4+ 44. Kc2 Rxe6 45. Rxe6+ fxe6 46. Rg1 Rf7 47. Rxg6 Kd5 48. Kd2 Ke5 49. Rg5+ Kxf6 1/2-1/2